Polski speedrun - 30 sekund - Statystyki

Ogólne statystyki
  • Ten quiz został rozwiązany 117 razy
  • Średni wynik to 18 z 50
Statystyki odpowiedzi
Odpowiedź % Poprawnych
Polska
100%
Polska
92%
Polska
83%
Polska
77%
Polska
75%
Polska
75%
Polska
75%
Polska
74%
Polska
69%
Polska
68%
Polska
62%
Polska
57%
Polska
54%
Polska
51%
Polska
49%
Polska
48%
Polska
45%
Polska
45%
Polska
40%
Polska
37%
Polska
35%
Polska
29%
Polska
26%
Polska
25%
Polska
23%
Polska
20%
Polska
20%
Polska
20%
Polska
20%
Polska
20%
Polska
18%
Polska
17%
Polska
17%
Polska
17%
Polska
15%
Polska
15%
Polska
15%
Polska
15%
Polska
15%
Polska
15%
Polska
15%
Polska
15%
Polska
15%
Polska
15%
Polska
15%
Polska
15%
Polska
15%
Polska
15%
Polska
15%
Polska
15%
Nie znaleziono quizów pasujących do podanych kryteriów
Rozkład punktacji
Procent ludzi z każdym wynikiem
Percentyl według liczby udzielonych odpowiedzi
Twoja historia wyników
Nie rozwiązałeś tego quizu